Statistics for Destiny the Game Quiz 9 - Name the Exotic from the Exotic Perk

Click here to take the quiz!

General Stats

  • This quiz has been taken 1,039 times
    (1,035 since last reset)
  • The average score is 21 of 48

Answer Stats

HintAnswer% Correct
Lightning RoundsThunderlord
91%
MaverickAce of Spades
86%
White NailBlack Spindle
85%
String of CursesBad Juju
80%
Wolfpack RoundsGjallarhorn
79%
Mark of the DevourerThorn
73%
Prototype TrueseekerTruth
73%
Activate IKELOSSleeper Simulant
70%
Volatile LightHard Light
67%
Holding AcesHawkmoon
66%
The MasterNo Land Beyond
63%
Front LinesFabian Strategy
57%
Rewind AgainNo Time To Explain
56%
Peregrine StrikePeregrine Greaves
55%
OverflowTlaloc
55%
The DanceRadiant Dance Machines
53%
One Way/Or AnotherBoolean Gemini
49%
Doe or DieThe Stag
47%
Blinding LightHereafter
45%
CursebringerNecrochasm
45%
Tactical Air SupportTwilight Garrison
45%
Not Bound by LawBones of Eao
44%
Scatter ChargeNothing Manacles
42%
InsatiableObsidian Mind
39%
Seeds of RuinRuin Wings
39%
Harbinger's SparkTelesto
39%
Elusive ShadowGraviton Forfeit
37%
Starless NightHelm of Saint-14
36%
Praise the SunHeart of the Praxic Fire
33%
ThundererThe 4th Horseman
32%
Big GameCelestial Nighthawk
30%
Sensor PackKnucklehead Radar
30%
Defensive ReflexDon't Touch Me
29%
Force MultiplierNo Backup Plans
26%
Air Traffic ControlThe Taikonaut
26%
Hungering VoidVoidfang Vestments
25%
And Another ThingThe Armamentarium
24%
Unstable CurrentMask of the Third Man
22%
The WhispersClaws of Ahamkara
21%
Be Somewhere ElseMk. 44 Stand Asides
21%
The SurvivorThe Chaperone
20%
Antigrav ThrustersEmpyrean Bellicose
19%
RecklessnessHelm of Inmost Light
18%
Field TripYoung Ahamkara's Spine
18%
Delusions of GrandeurSkull of Dire Ahamkara
17%
Nightmare FuelSealed Ahamkara Grasps
16%
Private ReservesApotheosis Veil
14%
Versatile ShooterSkyburners Annex
11%

Score Distribution

Percentile by Number Answered

Percent of People with Each Score

Your Score History

You have not taken this quiz since the last reset